Economic recession and possibilities of recovery.

Príčiny poklesu hrubého domáceho produktu: pokles spotrebiteľského dopytu, investičných produktov a verejnej spotreby. Možnosti oživenia hospodárstva. Referát na medzinárodnej konferencii Smerovanie Česko-Slovenska k Európskym spoločenstvám (Bratislava 1992).

Na minha lista:
Detalhes bibliográficos
Autor principal: Vintrová, Růžena
Formato: Capítulo de Livro
Idioma:inglês
Assuntos:
Tags: Adicionar Tag
Sem tags, seja o primeiro a adicionar uma tag!

MARC

LEADER 00000naa a2200000 4500
001 r011555
005 20220831090033.5
041 0 |a eng 
044 |a [CS] 
245 1 0 |a Economic recession and possibilities of recovery.  |c Růžena Vintrová 
520 |a Príčiny poklesu hrubého domáceho produktu: pokles spotrebiteľského dopytu, investičných produktov a verejnej spotreby. Možnosti oživenia hospodárstva. Referát na medzinárodnej konferencii Smerovanie Česko-Slovenska k Európskym spoločenstvám (Bratislava 1992). 
610 2 0 |a ČSFR 
610 2 0 |a recesia 
610 2 0 |a produkt domáci hrubý 
610 2 0 |a reformy hospodárske 
610 2 0 |a analýza ekonomická 
610 2 0 |a dopyt spotrebiteľský 
610 2 0 |a investície verejné 
610 2 0 |a spotreba 
610 2 0 |a vývoz 
610 2 0 |a oživenie 
610 2 0 |a podnik súkromný 
100 1 |a Vintrová, Růžena